000
00310nam a22001337a 4500
008
181105b xxu||||| |||| 00| 0 eng d
020
_a
0155796283
041
_a
eng
080
_2
2nd
_a
101
100
_a
24
101
_a
FIL
245
_a
Self and World Readings in Philosophy
_c
Ogilvy,J.A
942
_2
udc
_c
BK
999
_c
51824
_d
51824